Statistics for 5 Biggest Cities in every Country in Europe

Click here to take the quiz!

General Stats

  • This quiz has been taken 1,408 times
    (1,131 since last reset)
  • The average score is 106 of 221

Answer Stats

CityPopulation% Correct
Vienna1,840,573
94%
Berlin3,520,031
93%
Paris2,240,621
93%
Tirana858,262
92%
Brussels1,019,022
91%
Amsterdam741,636
90%
Athens3,168,846
90%
Copenhagen1,181,238
90%
Helsinki635,591
90%
Minsk1,834,200
90%
Prague1,259,079
90%
Sofia1,152,556
90%
Budapest1,759,407
89%
Dublin1,110,627
89%
Hamburg1,787,408
89%
Luxembourg115,227
89%
Munich1,450,381
89%
Oslo634,463
89%
Rome4,447,881
89%
Warsaw1,748,916
89%
Zagreb790,017
89%
Bucharest1,883,425
88%
Lisbon517,802
88%
Lyon496,343
88%
Madrid3,255,944
88%
Moscow12,100,000
88%
Sarajevo696,731
88%
Vilnius539,939
88%
Milan6,623,798
87%
Naples5,294,546
87%
Barcelona1,621,537
86%
Belgrade1,273,651
86%
Marseille852,516
86%
Riga742,572
86%
Saint Petersburg5,190,000
86%
Skopje506,926
86%
Tallinn429,829
86%
Andorra La Vella19,319
85%
Frankfurt732,688
85%
Kiev2,797,553
85%
Rotterdam598,199
85%
Stockholm1,515,017
85%
Bern131,554
84%
Bratislava462,061
84%
London7,556,900
84%
Krakow762,448
82%
Porto249,633
82%
Reykjavik121,486
82%
Antwerp459,805
81%
Chisinau723,500
81%
San Marino4,500
81%
Zürich396,027
81%
Ljubljana274,826
80%
Turin1,865,284
80%
Vatican City829
80%
Cologne1,060,582
79%
Podgorica136,473
79%
The Hague474,292
79%
Vaduz5,197
79%
Valencia814,208
79%
Priština145,149
77%
Salzburg148,420
77%
Birmingham984,333
75%
Geneva198,072
75%
Liverpool468,945
75%
Nice343,619
75%
Thessaloniki806,635
75%
Seville703,206
74%
Graz273,838
73%
Malmø301,706
73%
Cork198,582
72%
Bergen278,121
71%
Gothenburg572,799
71%
Split178,102
71%
Glasgow610,268
69%
Toulouse453,317
68%
Brno377,440
67%
Ghent231,493
67%
Odessa1,001,558
67%
Venice1,645,900
66%
Leeds455,123
65%
Łódź698,688
64%
Aarhus242,914
63%
Innsbruck126,851
63%
Kharkiv1,430,885
63%
Linz198,181
63%
Basel176,117
62%
Donetsk1,024,700
59%
Kaunas304,097
59%
Utrecht290,529
59%
Varna312,770
59%
Trondheim182,035
56%
Liege182,597
55%
Plovdiv340,494
55%
Wrocław637,075
55%
Zaragoza674,317
55%
Cluj-Napoca324,576
54%
Novi Sad215,400
54%
Tampere228,173
54%
Eindhoven209,620
52%
Dürres201,519
51%
Yekaterinburg1,420,000
50%
Aalborg102,312
49%
Brest335,645
49%
Dnipropetrovsk1,032,822
49%
Košice240,596
49%
Poznań541,561
49%
Debrecen203,059
47%
Limerick91,454
47%
Ostrava294,200
47%
Oulu200,071
47%
Galway76,778
46%
Lausanne135,629
46%
Niš250,000
46%
Charleroi200,132
45%
Nizhny Novgorod1,250,000
45%
Odense166,305
45%
Tiraspol148,900
45%
Maribor94,809
44%
Novosibirsk1,560,000
44%
Gomel527,172
42%
Rijeka128,624
42%
Banja Luka221,106
41%
Espoo274,522
41%
Stavanger130,754
40%
Braga121,394
39%
Burgas195,966
39%
Tartu97,843
39%
Timișoara319,279
39%
Uppsala149,245
39%
Heraklion157,452
38%
Klaipeda157,350
38%
Plzen169,033
38%
Constanța283,872
36%
Il-Mosta17,789
36%
Zadar75,062
35%
Mostar104,518
34%
Iași290,422
33%
Patras195,265
33%
Peć48,962
32%
Daugavpils111,564
31%
Schaan5,748
31%
Szeged162,621
29%
Waterford51,519
29%
Pécs145,347
28%
Vlorë141,513
28%
Kristiansand90,562
27%
Osijek108,048
26%
Grodno368.710
25%
Larissa144,651
25%
Narva62,068
25%
Shkodër102,075
24%
Esch-sur-Alzette33,939
23%
Mogilev280,800
23%
Bitola74,550
22%
Liberec102,562
22%
Esbjerg71,459
21%
Pärnu41,523
21%
Prizren85,119
21%
Vantaa219,196
21%
Akureyri18,041
19%
Bălți144,300
19%
Elbasan126,703
19%
Keflavik15,081
19%
Tuzla142,486
19%
Birkirkara21,676
18%
Miskolc158,101
18%
Escaldes-Engordany14,395
17%
Liepāja85,132
17%
Nitra84,800
17%
SUBOTICA155,591
17%
Zenica164,423
17%
Dudelange20,003
16%
Kosovska Mitrovica46,230
16%
Nikšić58,212
16%
Šiauliai105,653
16%
Žilina85,477
16%
Prešov91,650
15%
Serravalle9,258
15%
Tetovo52,915
15%
Celje37,490
14%
Kópavogur34,122
14%
Kragujevac147,473
14%
Kumanovo70,842
14%
Differdange24,805
13%
Encamp8,470
13%
Setúbal117,110
13%
Amadora178,858
12%
Jelgava61,791
11%
Panevėžys96,345
11%
Bender93,700
10%
La Massana4,987
10%
Cetinje15,137
9%
Kranj37,151
9%
Sant Julià de Lòria7,518
9%
Triesen4,701
9%
Prilep66,246
8%
Balzers4,447
7%
Borgo Maggiore6,424
7%
Eschen4,008
7%
Hafnarfjörður28,184
7%
Pljevlja21,377
7%
Qormi18,230
6%
Bijelo Polje15,883
5%
Ettelbruck8,544
5%
Fiorentino2,510
5%
Kohtla-Järve38,197
5%
Rousse156,238
5%
Domagnano3,161
4%
Gnjilane54,239
4%
Rîbnița50,100
4%
San Pawl il-Baħar14,057
4%
Velenje25,333
4%
Sollentuna139,606
3%
Larvotto - Bas Moulins5,091
2%
Moneghetti - Bd de Belgique3,131
2%
Saint-Michel3,519
2%
Vec-Liepāja85,260
2%
Zabbar15,030
2%
Condamine3,694
1%
Fontveille3,602
1%

Score Distribution

Percentile by Number Answered

Percent of People with Each Score

Your Score History

You have not taken this quiz since the last reset